| 000 | 00401nam a22001697a 4500 | ||
|---|---|---|---|
| 005 | 20160618145039.0 | ||
| 008 | 160618b xxu||||| |||| 00| 0 eng d | ||
| 020 | _a81-203-1056-X | ||
| 041 | _aeng | ||
| 082 | _b8177 | ||
| 100 |
_aEdwards, Chris and others _92240 |
||
| 245 | _aThe Essence of Information System | ||
| 260 |
_bPHI _c2003 |
||
| 300 | _a301 | ||
| 650 |
_aManagement _9241 |
||
| 942 | _cBK | ||
| 999 |
_c3131 _d3130 |
||